Oyeme con los ojos
Guardat en:
| Autor principal: | |
|---|---|
| Format: | Llibre |
| Idioma: | espanyol |
| Publicat: |
Madrid
Anaya
2000
|
| Edició: | 1a. ed |
| Col·lecció: | Sopa de Libros
|
| Matèries: | |
| Etiquetes: |
Afegir etiqueta
Sense etiquetes, Sigues el primer a etiquetar aquest registre!
|
MARC
| LEADER | 00000nam a2200000 a 4500 | ||
|---|---|---|---|
| 001 | UCH8311 | ||
| 003 | CL-VaPUC | ||
| 008 | 091127e20000000SP |||||||||||||||||spa|d | ||
| 020 | |a 8420744034 | ||
| 082 | 0 | 4 | |a 863 |b DIA |2 21 |
| 100 | 0 | |a Díaz, Gloria Cecilia |e author |9 544842 | |
| 245 | 1 | 0 | |a Oyeme con los ojos |
| 250 | |a 1a. ed | ||
| 300 | |a 83 p | ||
| 942 | |c BK | ||
| 945 | |d 20091127 00:00:00 |a lazolas | ||
| 260 | |a Madrid |b Anaya |c 2000 | ||
| 650 | 0 | |a Literatura |9 259151 | |
| 650 | 0 | |a Literatura española |9 306261 | |
| 650 | 0 | |a Literatura juvenil |9 309909 | |
| 650 | 0 | |a Escritores españoles |9 318145 | |
| 650 | 0 | |a Ficción |9 376687 | |
| 650 | 0 | |a Lectura |9 307634 | |
| 650 | 0 | |a Narrativa |9 336727 | |
| 583 | |a last modification |c 20091127 00:00:00 |k Rodrigo Vera | ||
| 490 | 0 | |a Sopa de Libros | |
| 999 | |c 338538 |d 338536 | ||